Uhuru : (Record no. 31598)

MARC details
000 -LEADER
fixed length control field 00694cam a22002291 4500
001 - CONTROL NUMBER
control field he 66000495
003 - CONTROL NUMBER IDENTIFIER
control field DLC
005 - DATE AND TIME OF LATEST TRANSACTION
control field 20260227111437.0
008 - FIXED-LENGTH DATA ELEMENTS--GENERAL INFORMATION
fixed length control field 840307s1965 is abc 000 0 heb
010 ## - LIBRARY OF CONGRESS CONTROL NUMBER
LC control number he 66000495
035 ## - SYSTEM CONTROL NUMBER
System control number (OCoLC)19149185
040 ## - CATALOGING SOURCE
Original cataloging agency DLC
Transcribing agency MH
Modifying agency CU
-- DLC
043 ## - GEOGRAPHIC AREA CODE
Geographic area code f------
050 00 - LIBRARY OF CONGRESS CALL NUMBER
Classification number DT12.2
Item number .G5
100 1# - MAIN ENTRY--PERSONAL NAME
Personal name Gilboa, Jehoshua A.
245 10 - TITLE STATEMENT
Title Uhuru :
Remainder of title yamim ṿe-lelot be-Afriḳah /
Statement of responsibility, etc. [me-et] Yehoshuʻa A. Gilboʻa.
260 ## - PUBLICATION, DISTRIBUTION, ETC.
Place of publication, distribution, etc. [Tel Aviv] :
Name of publisher, distributor, etc. Masadah,
Date of publication, distribution, etc. [1965]
300 ## - PHYSICAL DESCRIPTION
Extent 159 p. :
Other physical details ill., map, ports. ;
Dimensions 25 cm.
500 ## - GENERAL NOTE
General note Added t.p.: Uhuru; days and nights in Africa.
651 #0 - SUBJECT ADDED ENTRY--GEOGRAPHIC NAME
Geographic name Africa
General subdivision Description and travel.
752 ## - ADDED ENTRY--HIERARCHICAL PLACE NAME
Country or larger entity Israel
City Tel Aviv

No items available.

Powered by Koha